[Event "Stay Safe Play From Home 256"]
[Site "Emanuel Lasker Arena"]
[Date "2020.06.26"]
[Round "6"]
[White "SoulofWolf"]
[Black "AChessPlayer"]
[Result "0-1"]
[WhiteElo "2265"]
[BlackElo "2429"]
[PlyCount "84"]
[EventDate "2020.06.26"]
[EventType "swiss (blitz)"]

1. Nf3 {[%emt 0:00:00]} g6 {[%emt 0:00:01]} 2. c4 {[%emt 0:00:00]} Bg7 {[%emt 0:00:00]} 3. e3 {[%emt 0:00:00]} c5 {[%emt 0:00:00]} 4. Be2 {[%emt 0:00:00]} Nf6 {[%emt 0:00:01]} 5. O-O {[%emt 0:00:00]} O-O {[%emt 0:00:00]} 6. d4 {[%emt 0:00:01]} cxd4 {[%emt 0:00:00]} 7. exd4 {[%emt 0:00:00]} d5 {[%emt 0:00:01]} 8. Bg5 {[%emt 0:00:00]} Nc6 {[%emt 0:00:00]} 9. c5 {[%emt 0:00:01]} Ne4 {[%emt 0:00:01]} 10. Bf4 {[%emt 0:00:01]} Bg4 {[%emt 0:00:01]} 11. Nbd2 {[%emt 0:00:01]} Nxd2 {[%emt 0:00:01]} 12. Qxd2 {[%emt 0:00:01]} Bxf3 {[%emt 0:00:01]} 13. Bxf3 {[%emt 0:00:00]} Nxd4 {[%emt 0:00:00]} 14. Bd1 {[%emt 0:00:01]} e5 {[%emt 0:00:01]} 15. Be3 {[%emt 0:00:02]} Ne6 {[%emt 0:00:01]} 16. f3 {[%emt 0:00:01]} d4 {[%emt 0:00:01]} 17. Bf2 {[%emt 0:00:00]} Nxc5 {[%emt 0:00:00]} 18. Rc1 {[%emt 0:00:01]} Rc8 {[%emt 0:00:03]} 19. Re1 {[%emt 0:00:01]} Re8 {[%emt 0:00:01]} 20. h3 {[%emt 0:00:01]} Qb6 {[%emt 0:00:02]} 21. b4 {[%emt 0:00:01]} Ne6 {[%emt 0:00:01]} 22. Ba4 {[%emt 0:00:01]} Red8 {[%emt 0:00:01]} 23. g3 {[%emt 0:00:02]} Qa6 {[%emt 0:00:02]} 24. Bb3 {[%emt 0:00:03]} Qd6 {[%emt 0:00:01]} 25. Kg2 {[%emt 0:00:04]} h5 {[%emt 0:00:01]} 26. h4 {[%emt 0:00:01]} Kh7 {[%emt 0:00:01]} 27. Qd3 {[%emt 0:00:02]} Bh6 {[%emt 0:00:01]} 28. Rc2 {[%emt 0:00:01]} Rxc2 {[%emt 0:00:01]} 29. Qxc2 {[%emt 0:00:00]} d3 {[%emt 0:00:00]} 30. Qc4 {[%emt 0:00:02]} Rd7 {[%emt 0:00:02]} 31. Rd1 {[%emt 0:00:00]} d2 {[%emt 0:00:01]} 32. Qe2 {[%emt 0:00:02]} Nd4 {[%emt 0:00:01]} 33. Qd3 {[%emt 0:00:04]} Nxb3 {[%emt 0:00:01]} 34. Qxb3 {[%emt 0:00:00]} Qd3 {[%emt 0:00:01]} 35. Qa4 {[%emt 0:00:02]} f5 {[%emt 0:00:01]} 36. Bxa7 {[%emt 0:00:02]} e4 {[%emt 0:00:01]} 37. fxe4 {[%emt 0:00:01]} fxe4 {[%emt 0:00:00]} 38. Bf2 {[%emt 0:00:01]} Qf3+ {[%emt 0:00:01]} 39. Kg1 {[%emt 0:00:01]} Rf7 {[%emt 0:00:01]} 40. Rf1 {[%emt 0:00:01]} e3 {[%emt 0:00:01]} 41. Qb3 {[%emt 0:00:04]} e2 {[%emt 0:00:02]} 42. Qxf7+ {[%emt 0:00:03]} Qxf7 {[%emt 0:00:01] SoulofWolf poddaje siê (Lag: Av=0.64s, max=1.5s)} 0-1

[Event "Stay Safe Play From Home 256"]
[Site "Emanuel Lasker Arena"]
[Date "2020.06.26"]
[Round "6"]
[White "Lamborghini"]
[Black "Toosieslide"]
[Result "1-0"]
[WhiteElo "2207"]
[BlackElo "2317"]
[Annotator "TA"]
[PlyCount "79"]
[EventDate "2020.06.26"]
[EventType "swiss (blitz)"]

{[%evp 11,79,0,0,0,8,-39,-23,-9,33,32,35,23,43,20,45,21,81,75,92,90,190,180,202,191,305,0,0,0,0,0,17,40,40,-99,20,29,110,90,532,-301,-282,-969,-953,-984,-672,-686,-256,-1259,-339,-598,-597,-579,-582,-571,-225,-284,206,-90,1129,-1059,-1024,-1046,695,696,1636,1585,29982,29983,29991,29989]} 1. e4 e5 2. d4 exd4 3. Nf3 Nc6 4. Nxd4 Bc5 5. Nb3 Bb6 6. Nc3 Nf6 7. Qe2 {C45: Scotch Game.} O-O 8. Bg5 h6 9. Bh4 {Black has an edge.} d6 10. O-O-O Be6 11. f3 Ne5 {[%cal Bc6e5,Be5g4,Bg4h2][%mdl 32] [#]} 12. Bf2 $146 (12. Kb1 {keeps more tension.} Ng6 13. Bg3 Bd7 14. Nd4 Re8 15. Qd2) ({Predecessor:} 12. Kb1 a5 13. Bf2 a4 14. Nd4 Bc4 15. Qe1 Qe8 16. f4 Bxf1 17. fxe5 Bxd4 18. Bxd4 dxe5 {0-1 (35) Van Osch,M (2200)-Mostertman,M (2284) Dieren 2014}) 12... Bxf2 13. Qxf2 a5 (13... Qe7 $11) 14. Nd4 $16 a4 15. a3 c6 (15... Bc8 $16 {was called for.}) 16. f4 $1 $18 Neg4 17. Qg3 Nh5 (17... h5 $142 18. Be2 Nh6) 18. Nxe6 $2 ({White has to play} 18. Qf3 $18) 18... Nxg3 $11 19. Nxd8 Nxh1 20. Nxb7 {Black must now prevent Be2.} Nxh2 (20... d5 $5) 21. Bc4 Nf2 22. Rd2 {[#]} (22. Rxd6 $14 {keeps the upper hand.} Nhg4 23. Rxc6) 22... Nfg4 ({Black should try} 22... Nxe4 $1 $17 {[%mdl 512]} 23. Nxe4 d5 24. Bxd5 cxd5 25. Rxd5 Ng4) 23. Nxd6 Rad8 (23... Ne3 $11) 24. e5 Nf1 $2 {[%mdl 8192]} (24... Ne3 $16) 25. Rf2 $4 {[%mdl 8192]} (25. Bxf1 $18 Ne3 26. Ba6) 25... Nxf2 $19 26. Nxa4 $2 (26. Bxf1 g5 27. fxg5) 26... Ne3 27. Bb3 Kh8 28. Nc5 f6 $2 (28... Nxg2 29. Kb1 Kg8) 29. e6 $2 (29. Ne6 fxe5 30. Nxd8 exf4 31. Ba4) 29... Rfe8 $2 (29... Rxd6 {[%csl Ge3,Gf2][%cal Rd6d1]} 30. c3 Rb8) 30. Nf7+ $2 (30. Ncb7 Rb8 31. Nxe8 Rxb7 32. Nd6) 30... Kh7 {[%csl Ge3,Gf2][%cal Rd8d1]} 31. Nxd8 Rxd8 {[%csl Ge3,Gf2][%cal Rd8d1]} 32. Kb1 Rd1+ (32... Nxg2 $142 33. Ba4 Nxf4 34. Bxc6 Rd1+ 35. Ka2 Re1) 33. Ka2 {Strongly threatening e7.} Ne4 $4 {[%mdl 8192]} (33... Nxg2 $2 34. e7 $18) (33... Nf5 $19 {avoids the disaster. ...Rd8 is the strong threat.} 34. Nd7 Ne7) 34. c3 $2 (34. Nxe4 $18 Nf5 35. c3) 34... Nd2 $2 {[%mdl 8192]} ({Wrong is} 34... Nxc5 $2 35. e7 $18) ({Not} 34... Nxg2 $2 35. Nxe4 (35. Bxd1 Nd6 $16) 35... Rd8 {[#]} 36. Nd6 $1 $18 {[%mdl 512]}) (34... Nd6 $17 35. Bxd1 Nxd1) 35. Bc2+ $4 {[%mdl 8192]} (35. e7 $18 Nxb3 36. Kxb3) 35... Nxc2 {[%csl Gc2][%cal Rd1a1]} 36. Nb3 Ra1+ $4 {[%mdl 8192]} (36... Kg8 $19 37. a4 Kf8) 37. Nxa1 $18 {Hoping for e7.} Ne3 {Threatens to win with ...Kg8.} 38. e7 Nc2 39. Nxc2 Nb3 40. Nd4 {Accuracy: White = 56%, Black = 29%.} 1-0

[Event "Stay Safe Play From Home 256"]
[Site "Emanuel Lasker Arena"]
[Date "2020.06.26"]
[Round "6"]
[White "Bardellosport"]
[Black "Lnram"]
[Result "0-1"]
[WhiteElo "2035"]
[BlackElo "2479"]
[PlyCount "58"]
[EventDate "2020.06.26"]
[EventType "swiss (blitz)"]

1. d4 {[%emt 0:00:01]} c6 {[%emt 0:00:01]} 2. e3 {[%emt 0:00:00]} d5 {[%emt 0:00:01]} 3. Nf3 {[%emt 0:00:00]} Nf6 {[%emt 0:00:01]} 4. b3 {[%emt 0:00:00]} e6 {[%emt 0:00:01]} 5. Bb2 {[%emt 0:00:00]} Bd6 {[%emt 0:00:01]} 6. Bd3 {[%emt 0:00:00]} O-O {[%emt 0:00:01]} 7. Qe2 {[%emt 0:00:00]} Nbd7 {[%emt 0:00:01]} 8. Nbd2 {[%emt 0:00:00]} Qc7 {[%emt 0:00:01]} 9. O-O {[%emt 0:00:02]} e5 {[%emt 0:00:00]} 10. dxe5 {[%emt 0:00:01]} Nxe5 {[%emt 0:00:01]} 11. Nxe5 {[%emt 0:00:00]} Bxe5 {[%emt 0:00:01]} 12. Bxe5 {[%emt 0:00:00]} Qxe5 {[%emt 0:00:01]} 13. Nf3 {[%emt 0:00:00]} Qc7 {[%emt 0:00:01]} 14. Rae1 {[%emt 0:00:01]} Re8 {[%emt 0:00:01]} 15. Nd2 {[%emt 0:00:01]} Ne4 {[%emt 0:00:01]} 16. Bxe4 {[%emt 0:00:01]} dxe4 {[%emt 0:00:01]} 17. f3 {[%emt 0:00:01]} exf3 {[%emt 0:00:01]} 18. gxf3 {[%emt 0:00:00]} Bh3 {[%emt 0:00:01]} 19. Rf2 {[%emt 0:00:01]} Rad8 {[%emt 0:00:02]} 20. e4 {[%emt 0:00:01]} Qf4 {[%emt 0:00:01]} 21. Nc4 {[%emt 0:00:02]} Re6 {[%emt 0:00:01]} 22. Qe3 {[%emt 0:00:02]} Rg6+ {[%emt 0:00:01]} 23. Kh1 {[%emt 0:00:02]} Qh4 {[%emt 0:00:02]} 24. Ne5 {[%emt 0:00:04]} Re6 {[%emt 0:00:03]} 25. Ng4 {[%emt 0:00:02]} h5 {[%emt 0:00:02]} 26. f4 {[%emt 0:00:04]} Bxg4 {[%emt 0:00:03]} 27. Rg1 {[%emt 0:00:01]} Rxe4 {[%emt 0:00:01]} 28. Qxe4 {[%emt 0:00:01]} Qxf2 {[%emt 0:00:01]} 29. Re1 {[%emt 0:00:03]} Bf3+ {[%emt 0:00:01] Bardellosport abbandona (Lag: Av=0.81s, max=1.4s)} 0-1

[Event "Stay Safe Play From Home 256"]
[Site "Emanuel Lasker Arena"]
[Date "2020.06.26"]
[Round "6"]
[White "Greblha"]
[Black "Buzaglo"]
[Result "1-0"]
[WhiteElo "1951"]
[BlackElo "1956"]
[PlyCount "73"]
[EventDate "2020.06.26"]
[EventType "swiss (blitz)"]

1. e4 {[%emt 0:00:01]} e6 {[%emt 0:00:00]} 2. Qe2 {[%emt 0:00:02]} d5 {[%emt 0:00:00]} 3. exd5 {[%emt 0:00:00]} c5 {[%emt 0:00:00]} 4. Nc3 {[%emt 0:00:01]} Nf6 {[%emt 0:00:03]} 5. dxe6 {[%emt 0:00:01]} Bxe6 {[%emt 0:00:01]} 6. d3 {[%emt 0:00:01]} c4 {[%emt 0:00:01]} 7. Nf3 {[%emt 0:00:01]} cxd3 {[%emt 0:00:01]} 8. Qxd3 {[%emt 0:00:01]} Qxd3 {[%emt 0:00:01]} 9. Bxd3 {[%emt 0:00:01]} Nc6 {[%emt 0:00:00]} 10. Be3 {[%emt 0:00:01]} Bb4 {[%emt 0:00:01]} 11. O-O {[%emt 0:00:01]} Bxc3 {[%emt 0:00:01]} 12. bxc3 {[%emt 0:00:01]} O-O {[%emt 0:00:00]} 13. Nd4 {[%emt 0:00:01]} Bd7 {[%emt 0:00:03]} 14. Bg5 {[%emt 0:00:01]} Nd5 {[%emt 0:00:02]} 15. Bd2 {[%emt 0:00:02]} Rad8 {[%emt 0:00:02]} 16. Rfe1 {[%emt 0:00:01]} Rfe8 {[%emt 0:00:02]} 17. Rxe8+ {[%emt 0:00:01]} Rxe8 {[%emt 0:00:00]} 18. Re1 {[%emt 0:00:01]} Rd8 {[%emt 0:00:03]} 19. Bg5 {[%emt 0:00:03]} f6 {[%emt 0:00:01]} 20. Bd2 {[%emt 0:00:01]} Kf8 {[%emt 0:00:02]} 21. Bc4 {[%emt 0:00:01]} Nc7 {[%emt 0:00:02]} 22. Bb3 {[%emt 0:00:03]} a5 {[%emt 0:00:04]} 23. Bf4 {[%emt 0:00:01]} Nxd4 {[%emt 0:00:02]} 24. cxd4 {[%emt 0:00:01]} Nb5 {[%emt 0:00:03]} 25. d5 {[%emt 0:00:04]} Kf7 {[%emt 0:00:04]} 26. a4 {[%emt 0:00:01]} Nd4 {[%emt 0:00:03]} 27. d6+ {[%emt 0:00:01]} Kg6 {[%emt 0:00:01]} 28. Re7 {[%emt 0:00:04]} Bf5 {[%emt 0:00:03]} 29. h4 {[%emt 0:00:03]} h5 {[%emt 0:00:02]} 30. Bf7+ {[%emt 0:00:04]} Kh7 {[%emt 0:00:03]} 31. c3 {[%emt 0:00:00]} Nc6 {[%emt 0:00:02]} 32. Bxh5 {[%emt 0:00:02]} Bg6 {[%emt 0:00:02]} 33. Bxg6+ {[%emt 0:00:01]} Kxg6 {[%emt 0:00:00]} 34. Rxb7 {[%emt 0:00:01]} Ne5 {[%emt 0:00:03]} 35. Bxe5 {[%emt 0:00:01]} fxe5 {[%emt 0:00:00]} 36. c4 {[%emt 0:00:01]} Kf6 {[%emt 0:00:01]} 37. c5 {[%emt 0:00:00] Time} 1-0

[Event "Stay Safe Play From Home 256"]
[Site "Emanuel Lasker Arena"]
[Date "2020.06.26"]
[Round "6"]
[White "Grizzzly"]
[Black "Lazieri3"]
[Result "0-1"]
[WhiteElo "1841"]
[BlackElo "2023"]
[PlyCount "78"]
[EventDate "2020.06.26"]
[EventType "swiss (blitz)"]

1. d4 {[%emt 0:00:00]} c6 {[%emt 0:00:01]} 2. c4 {[%emt 0:00:00]} d5 {[%emt 0:00:00]} 3. cxd5 {[%emt 0:00:01]} cxd5 {[%emt 0:00:01]} 4. Nc3 {[%emt 0:00:00]} Nc6 {[%emt 0:00:01]} 5. Nf3 {[%emt 0:00:00]} Nf6 {[%emt 0:00:00]} 6. Bf4 {[%emt 0:00:00]} Bf5 {[%emt 0:00:00]} 7. e3 {[%emt 0:00:01]} e6 {[%emt 0:00:01]} 8. Rb1 {[%emt 0:00:00]} Bd6 {[%emt 0:00:01]} 9. Bd3 {[%emt 0:00:02]} Bxd3 {[%emt 0:00:01]} 10. Bxd6 {[%emt 0:00:01]} Bxb1 {[%emt 0:00:02]} 11. Qxb1 {[%emt 0:00:00]} Qxd6 {[%emt 0:00:01]} 12. Nb5 {[%emt 0:00:02]} Qb4+ {[%emt 0:00:01]} 13. Nc3 {[%emt 0:00:01]} Ne4 {[%emt 0:00:00]} 14. O-O {[%emt 0:00:02]} Nxc3 {[%emt 0:00:01]} 15. bxc3 {[%emt 0:00:00]} Qxb1 {[%emt 0:00:01]} 16. Rxb1 {[%emt 0:00:01]} b6 {[%emt 0:00:00]} 17. Re1 {[%emt 0:00:03]} Kd7 {[%emt 0:00:01]} 18. e4 {[%emt 0:00:01]} dxe4 {[%emt 0:00:01]} 19. Rxe4 {[%emt 0:00:01]} Rac8 {[%emt 0:00:00]} 20. Ng5 {[%emt 0:00:03]} f6 {[%emt 0:00:01]} 21. Nf7 {[%emt 0:00:01]} Rhf8 {[%emt 0:00:03]} 22. d5 {[%emt 0:00:00]} Rxf7 {[%emt 0:00:01]} 23. dxe6+ {[%emt 0:00:01]} Ke7 {[%emt 0:00:01]} 24. exf7+ {[%emt 0:00:01]} Kxf7 {[%emt 0:00:00]} 25. h3 {[%emt 0:00:01]} Ne5 {[%emt 0:00:01]} 26. f4 {[%emt 0:00:01]} Nd3 {[%emt 0:00:04]} 27. Rd4 {[%emt 0:00:01]} Rxc3 {[%emt 0:00:01]} 28. Rd7+ {[%emt 0:00:01]} Kg6 {[%emt 0:00:00]} 29. Rxa7 {[%emt 0:00:01]} Nxf4 {[%emt 0:00:01]} 30. Rb7 {[%emt 0:00:02]} Rc2 {[%emt 0:00:01]} 31. Rxb6 {[%emt 0:00:00]} Rxg2+ {[%emt 0:00:01]} 32. Kf1 {[%emt 0:00:00]} Rxa2 {[%emt 0:00:01]} 33. Rb4 {[%emt 0:00:02]} Nxh3 {[%emt 0:00:01]} 34. Rg4+ {[%emt 0:00:01]} Kf5 {[%emt 0:00:01]} 35. Rh4 {[%emt 0:00:01]} Ng5 {[%emt 0:00:03]} 36. Rh3 {[%emt 0:00:02]} Nxh3 {[%emt 0:00:01]} 37. Ke1 {[%emt 0:00:02]} Rf2 {[%emt 0:00:00]} 38. Kd1 {[%emt 0:00:00]} g5 {[%emt 0:00:00]} 39. Ke1 {[%emt 0:00:00]} g4 {[%emt 0:00:00] Grizzzly gibt auf (Lag: Av=0.51s, max=1.1s)} 0-1

[Event "Stay Safe Play From Home 256"]
[Site "Emanuel Lasker Arena"]
[Date "2020.06.26"]
[Round "6"]
[White "grazie"]
[Black "Fischer_11"]
[Result "0-1"]
[WhiteElo "1783"]
[BlackElo "1915"]
[Annotator "NA"]
[PlyCount "54"]
[EventDate "2020.06.26"]
[EventType "swiss (blitz)"]

1. d4 {[%emt 0:00:01]} e5 {[%emt 0:00:01]} 2. c3 {[%emt 0:00:00]} exd4 {[%emt 0:00:00]} 3. g3 {[%emt 0:00:00]} dxc3 {[%emt 0:00:01]} 4. Nxc3 {[%emt 0:00:00]} Nf6 {[%emt 0:00:01]} 5. Bg2 {[%emt 0:00:03]} g6 {[%emt 0:00:00]} 6. Nf3 {[%emt 0:00:00]} Bg7 {[%emt 0:00:00]} 7. Bg5 {[%emt 0:00:01]} O-O {[%emt 0:00:00]} 8. Bxf6 {[%emt 0:00:00]} Bxf6 {[%emt 0:00:00]} 9. O-O {[%emt 0:00:00]} Bg7 {[%emt 0:00:00]} 10. Qc2 {[%emt 0:00:01]} c6 {[%emt 0:00:00]} 11. Rad1 {[%emt 0:00:01]} d5 {[%emt 0:00:00]} 12. e4 {[%emt 0:00:00]} Be6 {[%emt 0:00:02]} 13. e5 {[%emt 0:00:01]} Nd7 {[%emt 0:00:01]} 14. Rfe1 {[%emt 0:00:02]} Re8 {[%emt 0:00:01]} 15. a3 {[%emt 0:00:01]} Bf5 {[%emt 0:00:01]} 16. Qb3 {[%emt 0:00:02]} Qb6 {[%emt 0:00:02]} 17. Qb4 {[%emt 0:00:01]} Qxb4 {[%emt 0:00:01]} 18. axb4 {[%emt 0:00:01]} Nxe5 {[%emt 0:00:00]} 19. Nxe5 {[%emt 0:00:01]} Rxe5 {[%emt 0:00:00]} 20. Rxe5 {[%emt 0:00:01]} Bxe5 {[%emt 0:00:00]} 21. Na4 {[%emt 0:00:01]} b6 {[%emt 0:00:03]} 22. f4 {[%emt 0:00:01]} Bd6 {[%emt 0:00:03]} 23. Rc1 {[%emt 0:00:02]} Bd7 {[%emt 0:00:03]} 24. Nc3 {[%emt 0:00:04]} Bxb4 {[%emt 0:00:01]} 25. Nxd5 {[%emt 0:00:01]} cxd5 {[%emt 0:00:02]} 26. Bxd5 {[%emt 0:00:00]} Rc8 {[%emt 0:00:00]} 27. Re1 {[%emt 0:00:02]} Rc2 {[%emt 0:00:03] grazie gibt auf (Lag: Av=0.28s, max=0.8s)} 0-1

[Event "Stay Safe Play From Home 256"]
[Site "Emanuel Lasker Arena"]
[Date "2020.06.26"]
[Round "6"]
[White "Haris kollari 13"]
[Black "NeatFox"]
[Result "1-0"]
[WhiteElo "1731"]
[BlackElo "1736"]
[Annotator "NA"]
[PlyCount "105"]
[EventDate "2020.06.26"]
[EventType "swiss (blitz)"]

1. e4 {[%emt 0:00:01]} c6 {[%emt 0:00:00]} 2. f4 {[%emt 0:00:01]} d5 {[%emt 0:00:00]} 3. e5 {[%emt 0:00:00]} e6 {[%emt 0:00:01]} 4. d3 {[%emt 0:00:01]} c5 {[%emt 0:00:00]} 5. c3 {[%emt 0:00:01]} Nc6 {[%emt 0:00:01]} 6. Be3 {[%emt 0:00:01]} Bd7 {[%emt 0:00:01]} 7. Nf3 {[%emt 0:00:01]} Be7 {[%emt 0:00:01]} 8. Be2 {[%emt 0:00:01]} Nh6 {[%emt 0:00:01]} 9. O-O {[%emt 0:00:01]} Nf5 {[%emt 0:00:01]} 10. Bd2 {[%emt 0:00:01]} O-O {[%emt 0:00:02]} 11. g4 {[%emt 0:00:01]} Nh6 {[%emt 0:00:02]} 12. h3 {[%emt 0:00:01]} f6 {[%emt 0:00:02]} 13. d4 {[%emt 0:00:02]} fxe5 {[%emt 0:00:01]} 14. dxe5 {[%emt 0:00:03]} c4 {[%emt 0:00:01]} 15. Be3 {[%emt 0:00:01]} b6 {[%emt 0:00:02]} 16. Qd2 {[%emt 0:00:01]} Bc5 {[%emt 0:00:01]} 17. Nd4 {[%emt 0:00:01]} Nxd4 {[%emt 0:00:02]} 18. cxd4 {[%emt 0:00:01]} Be7 {[%emt 0:00:03]} 19. Nc3 {[%emt 0:00:01]} a5 {[%emt 0:00:01]} 20. Kg2 {[%emt 0:00:01]} Bb4 {[%emt 0:00:02]} 21. a3 {[%emt 0:00:01]} Be7 {[%emt 0:00:01]} 22. Rab1 {[%emt 0:00:01]} b5 {[%emt 0:00:03]} 23. f5 {[%emt 0:00:02]} exf5 {[%emt 0:00:02]} 24. Bxh6 {[%emt 0:00:01]} fxg4 {[%emt 0:00:01]} 25. Be3 {[%emt 0:00:02]} gxh3+ {[%emt 0:00:01]} 26. Kh2 {[%emt 0:00:01]} Qc7 {[%emt 0:00:05]} 27. Rxf8+ {[%emt 0:00:01]} Rxf8 {[%emt 0:00:02]} 28. Rf1 {[%emt 0:00:00]} Rxf1 {[%emt 0:00:02]} 29. Bxf1 {[%emt 0:00:01]} Bf6 {[%emt 0:00:01]} 30. Bxh3 {[%emt 0:00:02]} Bxh3 {[%emt 0:00:01]} 31. Kxh3 {[%emt 0:00:01]} Be7 {[%emt 0:00:01]} 32. Bg5 {[%emt 0:00:01]} Bf8 {[%emt 0:00:02]} 33. Qf4 {[%emt 0:00:03]} Qd7+ {[%emt 0:00:00]} 34. Qg4 {[%emt 0:00:02]} Qxg4+ {[%emt 0:00:02]} 35. Kxg4 {[%emt 0:00:01]} b4 {[%emt 0:00:00]} 36. Nxd5 {[%emt 0:00:01]} bxa3 {[%emt 0:00:01]} 37. bxa3 {[%emt 0:00:01]} Bxa3 {[%emt 0:00:01]} 38. e6 {[%emt 0:00:01]} Kf8 {[%emt 0:00:01]} 39. e7+ {[%emt 0:00:01]} Bxe7 {[%emt 0:00:01]} 40. Nxe7 {[%emt 0:00:01]} c3 {[%emt 0:00:02]} 41. Nd5 {[%emt 0:00:00]} c2 {[%emt 0:00:02]} 42. Kf3 {[%emt 0:00:01]} a4 {[%emt 0:00:00]} 43. Bc1 {[%emt 0:00:02]} Kf7 {[%emt 0:00:02]} 44. Nf4 {[%emt 0:00:01]} Ke7 {[%emt 0:00:01]} 45. Ke4 {[%emt 0:00:01]} Kd6 {[%emt 0:00:00]} 46. d5 {[%emt 0:00:01]} Kc5 {[%emt 0:00:01]} 47. Ba3+ {[%emt 0:00:01]} Kc4 {[%emt 0:00:01]} 48. Ne6 {[%emt 0:00:01]} Kb3 {[%emt 0:00:00]} 49. d6 {[%emt 0:00:01]} Kxa3 {[%emt 0:00:01]} 50. d7 {[%emt 0:00:00]} c1=Q {[%emt 0:00:00]} 51. d8=Q {[%emt 0:00:00]} Qe1+ {[%emt 0:00:00]} 52. Kf5 {[%emt 0:00:01]} Qf1+ {[%emt 0:00:00]} 53. Nf4 {[%emt 0:00:00] Zeit (Lag: Av=0.37s, max=0.6s)} 1-0

[Event "Stay Safe Play From Home 256"]
[Site "Emanuel Lasker Arena"]
[Date "2020.06.26"]
[Round "7"]
[White "AChessPlayer"]
[Black "Greblha"]
[Result "1-0"]
[WhiteElo "2439"]
[BlackElo "1968"]
[PlyCount "61"]
[EventDate "2020.06.26"]
[EventType "swiss (blitz)"]

1. e3 {[%emt 0:00:01]} c6 {[%emt 0:00:00]} 2. Nf3 {[%emt 0:00:00]} d5 {[%emt 0:00:00]} 3. c4 {[%emt 0:00:01]} Nf6 {[%emt 0:00:00]} 4. cxd5 {[%emt 0:00:00]} Nxd5 {[%emt 0:00:01]} 5. Nc3 {[%emt 0:00:00]} Nxc3 {[%emt 0:00:01]} 6. bxc3 {[%emt 0:00:00]} e6 {[%emt 0:00:02]} 7. d4 {[%emt 0:00:00]} g6 {[%emt 0:00:01]} 8. Be2 {[%emt 0:00:00]} Bg7 {[%emt 0:00:01]} 9. O-O {[%emt 0:00:00]} O-O {[%emt 0:00:00]} 10. Bb2 {[%emt 0:00:00]} Nd7 {[%emt 0:00:01]} 11. c4 {[%emt 0:00:00]} Nb6 {[%emt 0:00:01]} 12. Qb3 {[%emt 0:00:00]} Qf6 {[%emt 0:00:02]} 13. Rac1 {[%emt 0:00:00]} Qf5 {[%emt 0:00:01]} 14. Rfd1 {[%emt 0:00:00]} Qa5 {[%emt 0:00:02]} 15. Bc3 {[%emt 0:00:02]} Qa4 {[%emt 0:00:01]} 16. Qb2 {[%emt 0:00:00]} Nd7 {[%emt 0:00:02]} 17. h4 {[%emt 0:00:03]} b5 {[%emt 0:00:03]} 18. cxb5 {[%emt 0:00:01]} cxb5 {[%emt 0:00:01]} 19. Bxb5 {[%emt 0:00:00]} Bxd4 {[%emt 0:00:04]} 20. exd4 {[%emt 0:00:01]} Nb6 {[%emt 0:00:01]} 21. Bxa4 {[%emt 0:00:01]} Nxa4 {[%emt 0:00:01]} 22. Qb4 {[%emt 0:00:00]} Nxc3 {[%emt 0:00:01]} 23. Qxc3 {[%emt 0:00:00]} Bb7 {[%emt 0:00:01]} 24. h5 {[%emt 0:00:00]} Rac8 {[%emt 0:00:01]} 25. Qe3 {[%emt 0:00:01]} gxh5 {[%emt 0:00:01]} 26. Qg5+ {[%emt 0:00:01]} Kh8 {[%emt 0:00:01]} 27. Qf6+ {[%emt 0:00:00]} Kg8 {[%emt 0:00:01]} 28. Ng5 {[%emt 0:00:00]} Rxc1 {[%emt 0:00:05]} 29. Rxc1 {[%emt 0:00:00]} Rb8 {[%emt 0:00:02]} 30. Qxf7+ {[%emt 0:00:01]} Kh8 {[%emt 0:00:01]} 31. Qxh7# {[%emt 0:00:00] (Lag: Av=0.43s, max=1.0s)} 1-0

[Event "Stay Safe Play From Home 256"]
[Site "Emanuel Lasker Arena"]
[Date "2020.06.26"]
[Round "7"]
[White "Toosieslide"]
[Black "Bardellosport"]
[Result "1-0"]
[WhiteElo "2295"]
[BlackElo "2032"]
[Annotator "TA"]
[PlyCount "61"]
[EventDate "2020.06.26"]
[EventType "swiss (blitz)"]

{[%evp 11,61,0,0,0,35,-2,18,-18,20,-29,8,16,6,-8,0,-14,0,-10,0,0,41,30,32,39,39,10,0,-90,-90,-86,-95,-148,-143,-149,-129,-190,-193,-510,11,-452,-13,-688,116,96,2824,2860,2343,2281,29992,29993,29994,29995]} 1. g3 d6 2. Bg2 f5 3. Nf3 Nf6 4. O-O g6 5. d3 Bg7 6. Nbd2 O-O 7. e4 {A04: Unusual lines after 1 Nf3 and King's Indian Attack.} e5 8. c3 Nc6 9. Qc2 {The position is equal.} Qe7 {[#]} 10. Re1 $146 ({Predecessor:} 10. d4 Kh8 11. dxe5 dxe5 12. exf5 gxf5 13. Re1 e4 14. Ng5 Ne5 15. Nb3 c5 16. Be3 {0-1 (35) Radivojevic,M (2234)-Mrsevic,M (2244) Bijelo Polje 2004}) 10... fxe4 11. Nxe4 Nxe4 12. dxe4 Be6 13. Bg5 Qd7 14. Nd2 Rae8 15. f3 d5 16. exd5 Bxd5 17. Be3 Qf7 18. c4 Be6 19. b3 {[#]} (19. Bc5 $11) 19... e4 $1 $17 {[%mdl 512] Threatens to win with ...Nb4.} 20. Rad1 (20. Qxe4 Bf5) 20... exf3 21. Nxf3 ({White should try} 21. Bxf3 Nd4 22. Bxd4 Bxd4+ 23. Kh1) 21... Bg4 22. Ng5 Qf6 23. Bd5+ (23. Qd2 $17 {was called for.} Bxd1 24. Rxd1) 23... Kh8 $19 24. Rf1 $2 (24. Qd2 {is more resistant.} Bxd1 25. Rxd1) 24... Qe5 $2 (24... Bxd1 $19 25. Qxd1 Qxf1+ 26. Qxf1 Rxf1+ 27. Kxf1 Rxe3 28. Nf7+ Kg8 29. Nd8+ Kf8 30. Ne6+ Kf7 31. Nxc7+ Ke7) 25. Bc5 $2 {[%mdl 8192]} (25. Rde1 $1 $11) 25... Bxd1 $2 (25... Qxg5 $2 26. Bxf8 Bxf8 27. Rde1 $19) (25... Rxf1+ $19 26. Rxf1 Qxg5) 26. Qxd1 $4 {[%mdl 8192]} (26. Bxf8 $11 Rxf8 27. Rxf8+ Bxf8 28. Nf7+ {[%mdl 64] Double Attack} Kg7 29. Qxd1 Bc5+ 30. Kg2 Qb2+ 31. Kh3) 26... Rf2 $2 (26... Rxf1+ $19 27. Kxf1 Qxg5) 27. Rxf2 {White threatens Nf7+ and mate.} h6 $2 {[%mdl 8192]} (27... Qxg5 $16 28. Re2 Ne5) 28. Nf7+ $18 {[%mdl 64] Double Attack} Kh7 29. Nxe5 Bxe5 30. Bxc6 bxc6 {[#]} 31. Qd7+ $1 {[%mdl 64] Double Attack. Never resign too early! Accuracy: White = 45%, Black = 39%.} 1-0